000247638 001__ 247638
000247638 005__ 20231010195221.0
000247638 022__ $$a2602-4438$$l2602-4438
000247638 0247_ $$2ZDBID$$aPERI:(DE-600)2939454-5
000247638 0247_ $$2ZDBPPN$$aZDPPN:1164716115
000247638 0247_ $$2EZBID$$aPERI:(DE-606)345985
000247638 0247_ $$2OCLC$$aOCLC:1050661927
000247638 035__ $$aPERI:(DE-600)2939454-5
000247638 040__ $$a0012$$bger$$cDE-101$$dJOIN²$$eJOIN² journal identification
000247638 041__ $$atur
000247638 044__ $$cXB-TR
000247638 082__ $$223sdnb$$a610$$qDE-600
000247638 08274 $$223sdnb$$a610$$qDE-600
000247638 24220 $$2DE-600$$aKlinik psikoloji dergisi$$b= Journal of clinical psychology research$$yen
000247638 24220 $$2DE-600$$aKlinik psikoloji dergisi$$b= Journal of clinical psychology research
000247638 245__ $$2DE-600$$aKlinik psikoloji dergisi$$b= Journal of clinical psychology research$$honline
000247638 2463_ $$2DE-600$$aKlinik psikoloji dergisi
000247638 2463_ $$aKlinik psikoloji dergisi
000247638 2463_ $$a= Journal of clinical psychology research
000247638 260__ $$aAnkara$$bKlinik Psikoloji Araştırmaları Derneği$$c2017-
000247638 2607_ $$2DOAJ$$aTürkiye$$bAssociation of Clinical Psychology Research$$d2022-02-09T14:07:38Z$$fAssociation of Clinical Psychology Research
000247638 26431 $$aAnkara$$bKlinik Psikoloji Araştırmaları Derneği$$c2017-
000247638 3620_ $$2DE-600$$aCilt 1, sayı 1 (aralık 2017)-
000247638 36301 $$2DE-600$$81.1\x$$a1$$b1$$i2017$$j12
000247638 380__ $$2marcgt$$ajournal
000247638 500__ $$aAutomatically generated record. (Updated: 2023-08-25)
000247638 65310 $$2EZB-Subject$$aMedizin
000247638 65310 $$2EZB-Keyword$$aPsychiatrie
000247638 65310 $$2DOAJ$$aclinical psychology$$d2022-02-09T14:07:38Z
000247638 65310 $$2DOAJ$$adevelopmental psychology$$d2022-02-09T14:07:38Z
000247638 65310 $$2DOAJ$$aneuropsychology$$d2022-02-09T14:07:38Z
000247638 65310 $$2DOAJ$$apsychology$$d2022-02-09T14:07:38Z
000247638 65310 $$2DOAJ$$apsychiatry$$d2022-02-09T14:07:38Z
000247638 65310 $$2DOAJ$$acognitive psychology$$d2022-02-09T14:07:38Z
000247638 65310 $$2DOAJ$$aMedicine: Internal medicine: Neurosciences. Biological psychiatry. Neuropsychiatry$$d2022-02-09T14:07:38Z
000247638 8564_ $$d0$$uhttp://ezb.uni-regensburg.de/2939454$$yEZB
000247638 8564_ $$d0$$uhttps://nl.zugang.nationallizenzen.de/han/3ca6f472-81ae-ddf1-00e9-37a0f7f930d6$$yVerlag; Nationallizenz via Einzelregistrierung = Deutschlandweit zugänglich
000247638 8564_ $$d0$$uhttps://www.ceeol.com/search/journal-detail?id=2128$$yAgentur = kostenfrei, registrierungspflichtig
000247638 8564_ $$d0$$uhttps://www.klinikpsikoloji.org/all-volumes$$yVerlag = kostenfrei
000247638 8564_ $$d0$$uhttps://www.klinikpsikoloji.org/en/aims-and-scope$$yAPC information
000247638 8564_ $$d0$$uhttps://www.klinikpsikoloji.org/en/editorial-board$$yEditorial board
000247638 8564_ $$d0$$uhttps://www.klinikpsikoloji.org/en/submissionguide$$yInstructions for Authors
000247638 8564_ $$d0$$uhttps://www.klinikpsikoloji.org/submissionguide/#Peer_Review_Policy$$yReview process
000247638 85672 $$2RSS$$uhttps://www.klinikpsikoloji.org/comments/feed/$$yCurrent Articles / Preprints
000247638 8801_ $$2DE-600$$aKlinik psikoloji dergisi$$b= Journal of clinical psychology research
000247638 909CO $$ooai:juser.fz-juelich.de:912990$$pauthority$$pauthority:PERI
000247638 909CO $$ooai:juser.fz-juelich.de:912990
000247638 915__ $$0StatID:(DE-HGF)0501$$2StatID$$aDBCoverage$$bDOAJ Seal$$d2022-02-09T14:07:38Z
000247638 915__ $$0StatID:(DE-HGF)0500$$2StatID$$aDBCoverage$$bDOAJ$$d2022-02-09T14:07:38Z
000247638 915__ $$0StatID:(DE-HGF)0030$$2StatID$$aPeer Review$$bDOAJ : Double anonymous peer review$$d2022-02-09T14:07:38Z
000247638 915__ $$0LIC:(DE-HGF)CCBYNCNDNV$$2V:(DE-HGF)$$aCreative Commons Attribution-NonCommercial-NoDerivs CC BY-NC-ND (No Version)$$bDOAJ$$d2022-02-09T14:07:38Z
000247638 936__ $$aFür Leser ohne Lizenz für eines der CEEOL-Pakete ist bei CEEOL eine kostenfreie Registrierung erforderlich.
000247638 980__ $$aPERI
000247638 980__ $$aAUTHORITY